Skills for reading C

Na minha lista:
Detalhes bibliográficos
Autor principal: Niles, Olive Stafford
Formato: Livro
Idioma:Undetermined
Publicado em: California, Estados Unidos Scott, Foresman 1984
Assuntos:
Tags: Adicionar Tag
Sem tags, seja o primeiro a adicionar uma tag!

MARC

LEADER 00000nam a2200000Ia 4500
008 170316s9999 xx 000 0 und d
090 |a 415-I N-4sc 
100 |a Niles, Olive Stafford 
245 |a Skills for reading C 
260 |a California, Estados Unidos 
260 |b Scott, Foresman 
260 |c 1984 
300 |a 234 páginas 
650 |a GRAMÁTICA INGLESA 
999 |c 19472  |d 19472 
040 |a cru BVZT 
942 |c 15 D  |h 415-I N-4sc  |2 z